000 00681nam a2200277Ia 4500
008 210210b2009 xxu||||| |||| 00| 0 eng d
020 _a9788185819266
041 _aeng
082 _a658.1 TAII
100 _aTAILOR (R K)
245 _aIndustrial policy and financial management
260 _aJaipur
_bPrateeksha Publication,
_c2009
300 _a307
650 _aratio analysis
650 _apolicy
650 _amanagement
650 _aIndustrial
650 _afund flow statement
650 _afinancial
650 _ademocracy
650 _acash flow
650 _aand
690 _aIndustrial Management
700 _aAGARWAL (N P)
906 _a064994
999 _c141629
_d141629